00918 2200313 4500001002100000005001500021035002000036007000300056008004100059020002200100082001500122084001700137100002700154245006400181250003500245300004000280650002200320700002500342504003100367264003200398336002100430337003000451338002300481040002200504090002200526850001200548999002200560990002200582INLIS00000000088803520240627091436 a0010-0624000937ta240627s2023 yoia g | ind d a978-623-02-7604-004223a610.28 a610.28 KUS r0 aKusno KamilePengarang10aRekayasa akustik bidang kesehatan /cKusno Kamil, Asniawaty aCetakan Pertama, November 2023 ax, 97 halaman :bilustrasi ;c23 cm 4aRekayasa biomedis0 aAsniawatyePengarang aBibliografi: halaman 87-9431aSleman :bDeepublish,c2023 2rdacontentateks 2rdamediaatanpa perantara 2rdacarrieravolume aYOPDYOGbinderda aCB-D.11 2023-5596 aYOPDYOG aCB-D.11/2023-5596 aCB-D.11/2023-5596